Numerical analysis of initial stage of thermal shock; IOP Conference Series: Materials Science and Engineering; Vol. 140 : Interdisciplinary Problems in Additive Technologies
| Parent link: | IOP Conference Series: Materials Science and Engineering Vol. 140 : Interdisciplinary Problems in Additive Technologies.— 2016.— [012022, 9 p.] |
|---|---|
| Autor principal: | |
| Autor Corporativo: | |
| Resumo: | Title screen The paper studies a problem of a thermal shock at the surface of a half-space, which properties are described by elastic-plastic model taking into account dynamic effects, heat inertia, coupling between thermal and mechanical fields. The problem is solved numerically using finite-difference method of S. K. Godunov. |
| Idioma: | inglês |
| Publicado em: |
2016
|
| Assuntos: | |
| Acesso em linha: | http://dx.doi.org/10.1088/1757-899X/140/1/012022 http://earchive.tpu.ru/handle/11683/34862 |
| Formato: | Recurso Electrónico Capítulo de Livro |
| KOHA link: | https://koha.lib.tpu.ru/cgi-bin/koha/opac-detail.pl?biblionumber=650737 |
MARC
| LEADER | 00000nla2a2200000 4500 | ||
|---|---|---|---|
| 001 | 650737 | ||
| 005 | 20231101134631.0 | ||
| 035 | |a (RuTPU)RU\TPU\network\15986 | ||
| 035 | |a RU\TPU\network\15984 | ||
| 090 | |a 650737 | ||
| 100 | |a 20161018a2016 k y0engy50 ba | ||
| 101 | 0 | |a eng | |
| 102 | |a GB | ||
| 105 | |a y z 100zy | ||
| 135 | |a drcn ---uucaa | ||
| 181 | 0 | |a i | |
| 182 | 0 | |a b | |
| 200 | 1 | |a Numerical analysis of initial stage of thermal shock |f V. N. Demidov | |
| 203 | |a Text |c electronic | ||
| 300 | |a Title screen | ||
| 320 | |a [References: 13 tit.] | ||
| 330 | |a The paper studies a problem of a thermal shock at the surface of a half-space, which properties are described by elastic-plastic model taking into account dynamic effects, heat inertia, coupling between thermal and mechanical fields. The problem is solved numerically using finite-difference method of S. K. Godunov. | ||
| 461 | 0 | |0 (RuTPU)RU\TPU\network\2008 |t IOP Conference Series: Materials Science and Engineering | |
| 463 | 0 | |0 (RuTPU)RU\TPU\network\15930 |t Vol. 140 : Interdisciplinary Problems in Additive Technologies |o International Seminar, 16–17 December 2015, Tomsk, Russia |o [proceedings] |v [012022, 9 p.] |d 2016 | |
| 610 | 1 | |a электронный ресурс | |
| 610 | 1 | |a труды учёных ТПУ | |
| 610 | 1 | |a численный анализ | |
| 610 | 1 | |a тепловой шок | |
| 610 | 1 | |a поверхности | |
| 610 | 1 | |a упруго-пластические модели | |
| 610 | 1 | |a динамические эффекты | |
| 610 | 1 | |a тепловая инерция | |
| 700 | 1 | |a Demidov |b V. N. |c physicist |c Associate Professor of Tomsk Polytechnic University, Candidate of Physical and Mathematical Sciences |f 1952- |g Valery Nikolaevich |2 stltpush |3 (RuTPU)RU\TPU\pers\32728 | |
| 712 | 0 | 2 | |a Национальный исследовательский Томский политехнический университет (ТПУ) |b Институт физики высоких технологий (ИФВТ) |b Кафедра физики высоких технологий в машиностроении (ФВТМ) |h 2087 |2 stltpush |3 (RuTPU)RU\TPU\col\18687 |
| 801 | 2 | |a RU |b 63413507 |c 20170120 |g RCR | |
| 856 | 4 | |u http://dx.doi.org/10.1088/1757-899X/140/1/012022 | |
| 856 | 4 | |u http://earchive.tpu.ru/handle/11683/34862 | |
| 942 | |c CF | ||